01534nam a2200361 a 4500001001000000003000500010005001700015008004100032010001100073011001100084040000900095090001000104100004400114245013300158260004100291500006000332502007100392590004100463590004100504590004000545590004000585650004200625650002900667650004000696650005800736856007000794901000700864942001000871942000600881999001900887952013100906952013501037000113621CHAP20220329144404.0170830s2017 mx sm |||||||spa d a110082 a111054 cCHAP aTesis1 aRamos Marroquín, Exar Antonio913307410aRehabilitación de dren colector principal del Ej. Benito Juárez, Tlaxcalah[En línea]cpor Exar Antonio Ramos Marroquín. aChapingo, Méx. :bEl autor,c2017. aPara ver el contenido del material haga clic en la liga aTesis (Ing. en Irrigación) -- UACH. Departamento de Irrigación aBATCH-UPDb05c20170830lUCH01h0943 aE11695DGDb10c20170830lUCH01h1040 aE5765TAJb05c20170830lUCH01h0942 aE5765TAJb05c20170830lUCH01h094314aDrenaje agrícolazTlaxcala.913307814aDrenajexCostos.913307614aEscurrimientosxMedición.913307514aIngeniería hidráulicaxProyectos y planos.958253 aFinding aiduhttp://10.13.5.2/tesis/sist113621.pdfzTeclea aquí aBK cTESIS n0 c110082d110082 00104054718TESISaBCbBCd2017-08-30fTESISl0oTesisp113623-10r2019-12-31 00:00:00w2019-12-31yTESISzRecien adquirido 00102local4053708TESISaBCbBCcPA_TESISd2017-08-30fTESISl0oTesisp113623-20r2019-12-31 00:00:00tc.2w2019-12-31yTESIS